000 01154nam a2200301Ia 4500
008 240729s9999 xx 000 0 und d
022 _a2791-3465
245 0 _aNUML International Journal of Engineering and Computing
260 _aPakistan
260 _bNational University of Modern Languages (NUML), Islamabad
650 _a Computer engineering. Computer hardware | Science
650 _a Computer software
650 _a Electrical engineering. Electronics. Nuclear engineering
650 _a Electronic computers. Computer science
650 _a Electronics
650 _a Engineering (General). Civil engineering (General)
650 _a Engineering (General). Civil engineering (General)
650 _a Engineering (General). Civil engineering (General)
650 _a Engineering design | Technology
650 _a Instruments and machines
650 _a Mathematics
650 _a Mechanics of engineering. Applied mechanics | Technology
650 _a Systems engineering | Technology
650 _aTechnology
856 _uhttps://doaj.org/toc/c7e6ee6f45164d2c88d123b347c7bcb0
942 _2ddc
942 _cDOAJEJ
999 _c67500
_d67500
945 _a1
_bMadushi Gamage
_c1
_dMadushi Gamage